Statystyki dla Quiz o mapie Europy GeoMexa

Kliknij tutaj aby rozwiązać quiz!

Ogólne statystyki

  • Ten quiz został rozwiązany 21 razy
    (16 od ostatniego zresetowania)
  • Średni wynik to 9 z 15

Statystyki odpowiedzi

ZagadnienieOdpowiedź% Poprawnych
Czy na mapie była Sycylia?Tak
79%
Z jakim państwem dodatkowo graniczyła Estonia?Z Finlandią
79%
Czy na mapie była wyspa Kreta?Nie
71%
Jaki kolor miała Islandia?Niebieski
71%
Czy Mołdawia miała dostęp do morzaTak
71%
Z jakim państwem dodatkowo graniczyła Polska?Z Łotwą
71%
Czy Bośnia i Hercegowina miała dostęp do morza?Nie
64%
Jakie państwo miało KrymUkraina
57%
Co miała Słowacja na fladze?Gwiazdę
50%
O jakim państwie zapomniał Geomex?O Danii
50%
Jakie państwo posiadało Irlandię Północną?Irlandia
43%
Z jakim państwem dodatkowo graniczyły WęgryZ Czechami
43%
Z jakim państwem dodatkowo graniczyła Słowenia?Ze Szwajcarią
43%
Co miała Serbia na fladze?Nic
36%
Czy Mołdawia miała flagę?Nie
36%

Rozkład punktacji

Percentyl według liczby udzielonych odpowiedzi

Procent ludzi z każdym wynikiem

Twoja historia wyników

Nie rozwiązałeś tego quizu od ostatniego zresetowania